000 00533nam a2200217Ia 4500
008 210210b2014 xxu||||| |||| 00| 0 eng d
020 _a9788132111634
041 _aeng
082 _a658.4012 SENS
100 _aSENGUPTA (Shombit)
245 _aStrategic pokes: the business jalebi
260 _aLos Angeles
_bSage Publications
_c2014
300 _axviii,307
650 _athe
650 _aStrategic
650 _apokes:
650 _ajalebi
650 _abusiness
690 _aStrategic Management
906 _a068944
999 _c153023
_d153023